000
00292nam a2200121Ia 4500
008
241002s9999 xx 000 0 und d
082
_a
923.1 ARM
100
_a
Armstrong, H.C
245
0
_a
Gray Wolf The Life of Komal Ataturk
260
_a
New York:
_c
1961
600
_a
History
942
_c
UC
999
_c
18491
_d
18491